Ka Pu' Gou: (Record no. 3675)

MARC details
000 -LEADER
fixed length control field 00518nam a22001817a 4500
003 - CONTROL NUMBER IDENTIFIER
control field GBCCL
005 - DATE AND TIME OF LATEST TRANSACTION
control field 20241126110500.0
008 - FIXED-LENGTH DATA ELEMENTS--GENERAL INFORMATION
fixed length control field 171201b xxu||||| |||| 00| 0 eng d
040 ## - CATALOGING SOURCE
Transcribing agency gbc
082 ## - DEWEY DECIMAL CLASSIFICATION NUMBER
Classification number VER 253.092
Item number THU
100 ## - MAIN ENTRY--PERSONAL NAME
Personal name Thuamvung, K.
9 (RLIN) 7282
245 ## - TITLE STATEMENT
Title Ka Pu' Gou:
Remainder of title A biography of Rev. K. Thuamvung /
Statement of responsibility, etc. Compiled by K. Vungsuanmang
260 ## - PUBLICATION, DISTRIBUTION, ETC.
Place of publication, distribution, etc. Lamka:
Name of publisher, distributor, etc. K. Vungzakhum,
Date of publication, distribution, etc. 2009
300 ## - PHYSICAL DESCRIPTION
Extent 68p.;
Other physical details ill.,
Dimensions 20 cm.
650 ## - SUBJECT ADDED ENTRY--TOPICAL TERM
Topical term or geographic name entry element Thuamvung, K
9 (RLIN) 7282
650 ## - SUBJECT ADDED ENTRY--TOPICAL TERM
Topical term or geographic name entry element Christian Biography
9 (RLIN) 1119
942 ## - ADDED ENTRY ELEMENTS (KOHA)
Source of classification or shelving scheme Dewey Decimal Classification
Koha item type Books
Holdings
Withdrawn status Lost status Source of classification or shelving scheme Damaged status Not for loan Collection Home library Current Library Shelving location Date acquired Total checkouts Full call number Barcode Date last seen Copy number Price effective from Koha item type
    Dewey Decimal Classification       GRACE BIBLE COLLEGE GRACE BIBLE COLLEGE Vernacular 2017-12-01   VER 253.092 THU 010228 2025-05-01 c.1 2017-12-01 Books
    Dewey Decimal Classification       GRACE BIBLE COLLEGE GRACE BIBLE COLLEGE Vernacular 2017-12-01   VER 253.092 THU 010230 2025-05-01 c.3 2017-12-01 Books
    Dewey Decimal Classification       GRACE BIBLE COLLEGE GRACE BIBLE COLLEGE Vernacular 2017-12-01   VER 253.092 THU 010229 2025-05-01 c.2 2017-12-01 Books
    Dewey Decimal Classification       GRACE BIBLE COLLEGE GRACE BIBLE COLLEGE Vernacular 2018-06-26   VER 253.092 THU 010343 2025-05-01 c.4 2018-06-26 Books
    Dewey Decimal Classification       GRACE BIBLE COLLEGE GRACE BIBLE COLLEGE Vernacular 2018-06-26   VER 253.092 THU 010348 2025-05-01 c.5 2018-06-26 Books
© Grace Bible College Library 2025